00204 a2200085 450000500170000002000180001710000190003524500480005426000160010220260129150906.0 a9788172248918 aAbramovici M. aDigital Systems Testing And Testable Design bJaicoc2014